[Event "London Classic op U2050-B 8th"]
[Site "London"]
[Date "2016.12.15"]
[Round "4"]
[White "De Coverly, Roger D"]
[Black "McAleenan, Charles T"]
[Result "0-1"]
[WhiteElo "2028"]
[BlackElo "1798"]
[PlyCount "48"]
[EventDate "2016.12.12"]
[EventType "swiss"]
[EventRounds "5"]
[EventCountry "ENG"]
[SourceTitle "EXT 2019"]
[Source "ChessBase"]
[SourceDate "2018.10.10"]
[SourceVersion "1"]
[SourceVersionDate "2018.10.10"]
[SourceQuality "1"]

1. Nf3 d6 2. d4 Nf6 3. Nc3 Nbd7 4. e4 e5 5. Bc4 Be7 6. 0-0 h6 7. Re1 c6 8. a4 a5 9. h3 Qc7 10. Qe2 g5 11. Be3 Nf8 12. Rad1 Ng6 13. Nh2 Nf4 14. Bxf4 gxf4 15. dxe5 dxe5 16. Ng4 Nxg4 17. hxg4 Rg8 18. f3 Bh4 19. Bb3 Qb6+ 20. Kh1 h5 21. gxh5 Bg3 22. Qc4 Be6 23. Nd5 cxd5 24. Rxd5 Rg5 0-1

[Event "BCF-chT3S 1314 (4NCL)"]
[Site "England"]
[Date "2013.11.17"]
[Round "3.90"]
[White "McAleenan, Charles T"]
[Black "Peat, Matthew"]
[Result "1-0"]
[WhiteElo "1812"]
[BlackElo "2072"]
[PlyCount "79"]
[EventDate "2013.11.16"]
[EventType "team-swiss"]
[EventRounds "6"]
[EventCountry "ENG"]
[SourceTitle "EXT 2015"]
[Source "ChessBase"]
[SourceDate "2014.11.20"]
[SourceVersion "1"]
[SourceVersionDate "2014.11.20"]
[SourceQuality "1"]
[WhiteTeam "Fermented Sharks"]
[BlackTeam "e2e4.org.uk II"]
[WhiteTeamCountry "ENG"]
[BlackTeamCountry "ENG"]

1. d4 d5 2. Bf4 Nf6 3. e3 c5 4. c3 Nc6 5. Nf3 Qb6 6. Qb3 c4 7. Qc2 Bf5 8. Qc1 h6 9. h3 e6 10. Be2 Be7 11. Nbd2 Qd8 12. Ne5 Nxe5 13. Bxe5 0-0 14. 0-0 b5 15. Bd1 Bd3 16. Re1 b4 17. Bc2 Bxc2 18. Qxc2 a5 19. e4 bxc3 20. bxc3 a4 21. a3 Qd7 22. Reb1 Qc6 23. f3 Nd7 24. Bf4 f5 25. exd5 exd5 26. Nf1 Bf6 27. Re1 g5 28. Bc1 Bd8 29. Rb1 Bc7 30. Bb2 Qd6 31. Re2 Rf6 32. Rbe1 Kf7 33. Bc1 Nf8 34. Re5 f4 35. Nh2 Ng6 36. Ng4 Nxe5 37. Qh7+ Kf8 38. Qh8+ Kf7 39. Nxe5+ Qxe5 40. Qh7+ 1-0

[Event "Brighton e2e4 Major-A"]
[Site "Brighton"]
[Date "2012.02.18"]
[Round "7"]
[White "Wells, Jonathan C"]
[Black "McAleenan, Charles T"]
[Result "1-0"]
[WhiteElo "1998"]
[BlackElo "1820"]
[PlyCount "98"]
[EventDate "2012.02.15"]
[EventType "swiss"]
[EventRounds "9"]
[EventCountry "ENG"]
[SourceTitle "EXT 2014"]
[Source "ChessBase"]
[SourceDate "2013.11.20"]
[SourceVersion "1"]
[SourceVersionDate "2013.11.20"]
[SourceQuality "1"]

1. d4 d5 2. c4 Nc6 3. Nf3 Bg4 4. cxd5 Bxf3 5. dxc6 Bxc6 6. Nc3 e6 7. e4 Nf6 8. f3 h6 9. Be3 Bb4 10. a3 Ba5 11. Qd2 Bb6 12. Bb5 Bxb5 13. Nxb5 Qd7 14. Nc3 Rc8 15. Rd1 a5 16. Qf2 Qe7 17. 0-0 0-0 18. Na4 Ba7 19. Qd2 e5 20. Qxa5 Ra8 21. Qc3 Rfd8 22. dxe5 Bxe3+ 23. Qxe3 Qxe5 24. Nc3 c5 25. Rxd8+ Rxd8 26. Rd1 Rd4 27. Rd2 g5 28. Ne2 Rd6 29. Rxd6 Qxd6 30. Nc3 b6 31. h3 Nh5 32. Nd5 Nf4 33. Nxf4 gxf4 34. Qc3 f6 35. Kf2 Kg7 36. Ke2 b5 37. Qd2 Qa6 38. Qd7+ Kg6 39. Qf5+ Kg7 40. Qxc5 b4+ 41. Kf2 bxa3 42. bxa3 Qb7 43. Kg1 Qd7 44. Kh2 Qd2 45. a4 Kg6 46. a5 Qa2 47. Qb6 Kg5 48. a6 Qd2 49. a7 Qe1 1-0

[Event "IECG C1.2000.0.00329"]
[Site "IECG email"]
[Date "2000.12.28"]
[Round "?"]
[White "Lowe, Philip"]
[Black "McAleenan, Charles T"]
[Result "1/2-1/2"]
[WhiteElo "1462"]
[BlackElo "1938"]
[PlyCount "36"]
[EventDate "2000.12.30"]
[EventType "tourn (corr)"]
[EventRounds "6"]
[SourceTitle "Corr 2008"]
[Source "ChessBase"]
[SourceDate "2008.06.24"]
[SourceVersion "1"]
[SourceVersionDate "2008.06.24"]
[SourceQuality "1"]

1. d4 f5 2. c4 Nf6 3. Nf3 g6 4. g3 Bg7 5. Bg2 0-0 6. 0-0 d6 7. Nc3 c6 8. d5 e5 9. dxe6 Bxe6 10. Qd3 Nbd7 11. Bf4 Nb6 12. b3 d5 13. Ng5 Qe7 14. Nxe6 Qxe6 15. cxd5 Nfxd5 16. Nxd5 Nxd5 17. Bxd5 cxd5 18. Rac1 Rac8 1/2-1/2